LIBRARY ONLINE CATALOGUE

Stockleys' drug interactions pocket companion 2009 / (Record no. 9314)

MARC details
000 -LEADER
fixed length control field 00625cam a22002052 4500
001 - CONTROL NUMBER
control field 0000020406
005 - DATE AND TIME OF LATEST TRANSACTION
control field 20151217152214.0
008 - FIXED-LENGTH DATA ELEMENTS--GENERAL INFORMATION
fixed length control field 110916s xx 000 0 eng d
020 ## - INTERNATIONAL STANDARD BOOK NUMBER
International Standard Book Number 0853697954
040 ## - CATALOGING SOURCE
Original cataloging agency KABU
Transcribing agency KABU
245 10 - TITLE STATEMENT
Title Stockleys' drug interactions pocket companion 2009 /
Statement of responsibility, etc. [edited by] Karen Baxter.
250 ## - EDITION STATEMENT
Edition statement 1st ed.
260 ## - PUBLICATION, DISTRIBUTION, ETC. (IMPRINT)
Place of publication, distribution, etc. London :
Name of publisher, distributor, etc. PhP,
Date of publication, distribution, etc. 2009.
300 ## - PHYSICAL DESCRIPTION
Extent x, 459 p.
650 #0 - SUBJECT ADDED ENTRY--TOPICAL TERM
Topical term or geographic name as entry element Drug interactions
General subdivision Handbooks, manuals, etc.
-- 0000180367
700 1# - ADDED ENTRY--PERSONAL NAME
Personal name Baxter, Karen.
-- 0000180301
852 1# - LOCATION
-- p21750 KES
908 ## - PUT COMMAND PARAMETER (RLIN)
Put command parameter 110916
950 ## - LOCAL HOLDINGS (RLIN)
-- 1
Holdings
Withdrawn status Lost status Source of classification or shelving scheme Not for loan Home library Current library Date acquired Total Checkouts Total Renewals Full call number Barcode Date last seen Date last checked out Price effective from Koha item type
    Library of Congress Classification   Kabarak, Main Campus Kabarak, Main Campus 17/12/2015 1 1 RM302 .S76 2009 c. 1 19119 20/04/2016 08/02/2016 17/12/2015 General Collection